000 01189nam a2200265Ia 4500
003 OSt
005 20221005104735.0
006 a|||||r|||| 00| 0
007 ta
008 221004b |||||||| |||| 00| 0 hin d
020 _a9789380172644 (pbk)
_c300
024 _a8753
037 _b20476, 08/01/2014, Hindi Madhyam Karyanvyan Nideshalye
_cTextual
040 _aCRL
_cCRL
_bhin
041 _2hin
_ahin
082 _aV2:2.P1, 152Q3
100 _aकाश्यप, सुभाड्ढ
245 0 _aभारत का सांविधानिक विकास और संविधान
_b सन् 1600 से 2012 तक
246 _aBhārat kā sāanvidhānik vikās aur sanvidhāna: san 1600 se 2012 taka
260 _aदिल्ली
_bविश्वविद्यालय हिन्दी माध्यम कार्यान्वय निदेशालय भारत
_c2013
300 _a402पृ0
_ccm.
650 _aविश्व-इतिहास
942 _hV2:2.P1, 152Q3
_cTEXL
_2cc
999 _c1013640
_d1013640